Best Selling Cars - Beginning With Number - Statistics

General Stats
  • This quiz has been taken 19 times
  • The average score is 12 of 17
Answer Stats
World Ranking Hint Answer % Correct
123 MG Sports Sedan 5 GT
100%
295 Zeeker Electric Sedan (Lynk & CO Europe) 001
94%
47 BMW Sedan Series 3 Series
88%
349 BMW Station wagon Series 3 Series Wagon
88%
43 BMW Sedan Series 5 Series
88%
16 Ram Best Selling Pickup 1500
81%
95 Fiat Best Selling Hatchback 500
81%
31 Peugeot Compact Car (EUR) 208
69%
183 Ram Pickup 2500
69%
274 BMW Hatchback Series 1 Series HB
63%
201 Tank SUV (Tank is the Make) 300
63%
148 Toyota Full-Size SUV 4Runner
56%
150 IKCO/Peugeot Hatchback 206 HB
50%
126 Peugeot Compact Crossover SUV (EUR) 3008
50%
251 Peugeot Wagon (EUR) 308 Wagon
44%
113 IKCO/Peugeot Sedan 405
44%
79 Peugeot Mid-Size SUV (EUR) 2008
38%
No matching quizzes found
Score Distribution
Percent of People with Each Score
Percentile by Number Answered
Your Score History
You have not taken this quiz